000 00957nam a22002537a 4500
005 20170124102950.0
010 _aA-816492
020 _c75.00
035 _aA-816492
037 _bCen Lib/Ret
040 _aDPL
_bHN
082 _a
_bरचना
100 _aरचना प्रकाश
_9210
245 _aतपोवन /
_cरचना प्रकाश
246 _aTapovan /
_bby Rachna Prakash
260 _aनयी दिल्ली
_bशारदा प्रकाशन
_c1997
270 _bनयी दिल्ली
_a16/एफ-3, अंसारी मार्ग, दरिया गंज
_e110002
300 _a139पृ.
_c17सेमी (सजिल्द)
650 _aहिन्दी साहित्य
_951319
650 _aहिन्दी उपन्यास
_951320
650 _aHindi literature
_951321
650 _aHindi novel
_951322
942 _2ddc
_cHN
_h
_mरचना
999 _c113249
_d113249